00623nam a2200169 a 4500003000200000005001700002008004100019050003500060100002700095245007900122260009300201300004000294504004100334650001900375650002700394650003200421020250221154749.0111115s19uu xx 00 eng d aPGS LB 1139.5.H65b.H255 2011  aHarbord, Louiesa Jean. aPet ownership and hygiene habits of SISC students /cLouiesa Jean Harbord. aLas Piñas City, Philippines : bSouthville International School and Colleges, c2011. a21 pages :billustrations ;c28 cm. aIncludes bibliographical references. aPet ownership. aPetsvChild relations. aPersonal hygienevChildren.